LEADER 00923nam a2200229 i 4500 001 000000192556 003 CaOOAMICUS 005 20100922000000.0 008 100922s1946 be u000 u fre u 013 $a171152 040 $aSeMil$bita 100 1 $aGhellinck, Joseph : de,$c.$0(OLS)http://semarc/name/1270 245 10$aTome 2. 300 $a355 p. 490 0 $aMuseum Lessianum 490 0 $aMuseum Lessianum. Section historique ;$v5 773 0 $aGhellinck, Joseph : de $tEssor de la littérature latine au 12. siècle.$dBruxelles : L'Édition Universelle, 1946.$w()23791 830 0$aMuseum Lessianum.$0(OLS)http://semarc/title/23909 830 0$aMuseum Lessianum. Section historique ;$v5.$0(OLS)http://semarc/title/29476 850 $aSeMil 852 $aSeMil$W1$xVenegono$y1$m2U V 118$j143131$B143131$CSeMilBibl$Z2$F154499 $81 996 $6245$aTome 2$9(OLS)http://semarc/title/1533 LEADER 00980nam a2200229 i 4500 001 000000104422 003 CaOOAMICUS 005 20011121000000.0 008 011121s1889 be u000 u lat u 013 $a76610 040 $aSeMil$bita 245 10$aTomus 2 /$cBollandiani Hagiographi royale Bibliothèque Albert 1. 300 $a557 p. 490 0 $aSubsidia hagiographica ;$v1./2 700 1 $aBibliothèque royale Albert 1. .$0(OLS)http://semarc/name/662 710 2 $aSociété des Bollandistes .$0(OLS)http://semarc/name/307 773 0 $aBibliothèque royale Albert 1. $tCatalogus Codicum Hagiographicorum Bibliothecae Regiae Bruxellensis.$g2$w()806 773 0 $tCodices latini membranei.$w()822 830 0$aSubsidia hagiographica ;$v1./2.$0(OLS)http://semarc/title/570 850 $aSeMil 852 $aSeMil$W1$xVenegono$y1$mSL1.S II 1/2$j60811$B60811$CSeMilBibl$Z2$F45230 $8I 996 $6245$aTomus 2$9(OLS)http://semarc/title/151397